Update (Record no. 83153)
[ view plain ]
| 000 -LEADER | |
|---|---|
| fixed length control field | 01449cab a22002655a 4500 |
| 001 - CONTROL NUMBER | |
| control field | L152968 |
| 008 - FIXED-LENGTH DATA ELEMENTS--GENERAL INFORMATION | |
| fixed length control field | 110518e2011 xxk 000 0 eng d |
| 035 ## - SYSTEM CONTROL NUMBER | |
| System control number | (Sirsi) u152968 |
| 041 0# - LANGUAGE CODE | |
| Language code of text/sound track or separate title | eng |
| 100 1# - MAIN ENTRY--PERSONAL NAME | |
| Personal name | Barrett, Peter |
| 245 00 - TITLE STATEMENT | |
| Title | Update |
| Remainder of title | landlord and tenant |
| 260 ## - PUBLICATION, DISTRIBUTION, ETC. | |
| Date of publication, distribution, etc. | 2011 |
| 490 #0 - SERIES STATEMENT | |
| Series statement | Solicitor's Journal |
| Volume/sequential designation | 155(14) 12 April 2011, 23-24(2) |
| 520 ## - SUMMARY, ETC. | |
| Summary, etc. | Examines the importance of the correct service of notice to break a commercial lease in the light of "MW Trustees Ltd and ors v Telular Corporation" (see L152967). The precise form, content and service provisions of notices most commonly follow the express provisions within negotiated contractual terms. The principle determined in the above case appears to be applicable to other notice requirements such as rent review or termination clauses. The case demonstrates the need for caution and care in the use of words especially when using email communication. |
| 590 ## - LOCAL NOTE (RLIN) | |
| Local note | KA |
| 650 24 - SUBJECT ADDED ENTRY--TOPICAL TERM | |
| Topical term or geographic name entry element | MW TRUSTEES LTD AND ORS V TELULAR CORPORATION |
| 650 24 - SUBJECT ADDED ENTRY--TOPICAL TERM | |
| Topical term or geographic name entry element | MANNAI INVESTMENT CO LTD V EAGLE STAR LIFE ASSURANCE CO LTD UK |
| 650 24 - SUBJECT ADDED ENTRY--TOPICAL TERM | |
| Topical term or geographic name entry element | RENNIE V WESTBURY HOMES (HOLDINGS) LTD |
| 650 24 - SUBJECT ADDED ENTRY--TOPICAL TERM | |
| Topical term or geographic name entry element | LAW OF PROPERTY ACT 1925 |
| 650 24 - SUBJECT ADDED ENTRY--TOPICAL TERM | |
| Topical term or geographic name entry element | LANDLORD AND TENANT ACT 1927 |
| 651 #4 - SUBJECT ADDED ENTRY--GEOGRAPHIC NAME | |
| Geographic name | England and Wales |
| Chronological subdivision | 1543- |
| 690 ## - LOCAL SUBJECT ADDED ENTRY--TOPICAL TERM (OCLC, RLIN) | |
| Topical term or geographic name as entry element | PROPERTY-COMMERCIAL PROPERTY-LEASEHOLD COMMERCIAL PROPERTY-COMMERCIAL LANDLORD AND TENANT-COMMERCIAL LEASES |
| 700 1# - ADDED ENTRY--PERSONAL NAME | |
| Personal name | Sidoli del Ceno, Julian |
| 942 ## - ADDED ENTRY ELEMENTS (KOHA) | |
| Suppress in OPAC | 0 |
| Withdrawn status | Lost status | Source of classification or shelving scheme | Damaged status | Not for loan | Home library | Current library | Shelving location | Date acquired | Total Checkouts | Full call number | Barcode | Date last seen | Copy number | Price effective from | Koha item type |
|---|---|---|---|---|---|---|---|---|---|---|---|---|---|---|---|
| Dewey Decimal Classification | London | London | Journal article | 18/05/2011 | L152968 | 152968-1001 | 06/08/2019 | 1 | 06/08/2019 | Journal article |